Arctic Countries in 15 Seconds - Statistics

General Stats
  • This quiz has been taken 35 times
  • The average score is 5 of 6
Answer Stats
country % Correct
Norway
97%
Russia
97%
Canada
94%
Iceland
74%
United States
74%
Greenland (Denmark)
58%
No matching quizzes found
Score Distribution
Percent of People with Each Score
Percentile by Number Answered
Your Score History
You have not taken this quiz